Trophées de Saint-Etienne. - Statistiques

Statistiques générales
  • Ce quiz a été pris 73 fois
  • Le résultat moyen est 21 sur 26
Statistiques - réponses
Années Trophées % Correct
1962 Coupe de France
95%
1968 Coupe de France
95%
1970 Coupe de France
95%
1974 Coupe de France
95%
1975 Coupe de France
95%
1977 Coupe de France
95%
1957 Ligue 1
94%
1964 Ligue 1
94%
1967 Ligue 1
94%
1968 Ligue 1
94%
1969 Ligue 1
94%
1970 Ligue 1
94%
1974 Ligue 1
94%
1975 Ligue 1
94%
1976 Ligue 1
94%
1981 Ligue 1
94%
2013 Coupe de la ligue
90%
1963 Ligue 2
70%
1986 Ligue 2
70%
1999 Ligue 2
70%
2004 Ligue 2
70%
1958 Trophée des champions
46%
1963 Trophée des champions
46%
1968 Trophée des champions
46%
1969 Trophée des champions
46%
1970 Trophée des champions
46%
Aucun quiz correspondant
Distribution des résultats
% des personnes avec chaque résultat
Percentile par nombre de réponses
Votre historique - résultats
Vous n’avez pas pris ce quiz